| 000 | 01019nam a2200253 4500 | ||
|---|---|---|---|
| 001 | 77844 | ||
| 003 | BD-RjUL | ||
| 005 | 20211209083038.0 | ||
| 008 | 210127s2004 sw ||||| |||| 00| 0 eng d | ||
| 035 | _a(BD-RjUL)78070 | ||
| 040 |
_aBD-RjUL _beng _cBD-RjUL _dBD-RjUL |
||
| 041 | _aara | ||
| 082 |
_223 _a297.203 _bJUM 2003 |
||
| 100 |
_aالجهنى , مانع بن حماد Juhani, Mane bin Hammad _9244005 |
||
| 245 |
_aالموسوعة الميسرة : فى الاديان والمذاهب والاحزاب المعاصرة Al musuatu al maysiratu : fi al Adyanu wa al mujahibi wa al ahjab al musirat / _c الجهني, مانع بن حماد Al-Juhani Mane bin Hammad |
||
| 250 | _aالطبعة الخامسة | ||
| 260 |
_aالرياض: _bدارالندوة العالمية , _c2004 |
||
| 300 | _av.; | ||
| 505 | _aVol. 1.--v-2.-- | ||
| 650 |
_aIslam _vTheolgy _xEnciclopedias _9244006 |
||
| 650 |
_aReligions _vEncyclopedias _9244007 |
||
| 650 |
_aDoctrine _vencyclopedias _9244008 |
||
| 942 |
_2ddc _cREF |
||
| 999 |
_c77844 _d77844 |
||